[Event "Team GB Knockout"]
[Site "SchemingMind.com"]
[Date "2007.05.13"]
[Round "-"]
[White "mebalse"]
[Black "jasniepanicz"]
[Result "1-0"]
[WhiteCountry "URU"]
[BlackCountry "POL"]
[WhiteElo "1958"]
[WhiteRD "81"]
[BlackElo "1461"]
[BlackRD "99"]
[GameID "105044"]

1. d4 d5 2. Bf4 h5 3. e3 f6 4. c4 e6 5. Qb3 a6 6. h4 c6 7. Nf3 Bd6 8. c5 Bxf4 9. exf4 Ne7 10. Bd3 f5
11. O-O g6 12. Re1 Qc7 13. g3
1-0

[Event "Team GB Knockout"]
[Site "SchemingMind.com"]
[Date "2007.05.14"]
[Round "-"]
[White "sidra"]
[Black "Darko"]
[Result "0-1"]
[WhiteCountry "HUN"]
[BlackCountry "ROU"]
[WhiteElo "1671"]
[WhiteRD "79"]
[BlackElo "1994"]
[BlackRD "83"]
[GameID "105045"]

1. d4 Nf6 2. c4 e6 3. a3 d5 4. c5 a5 5. Nc3 b6 6. cxb6 cxb6 7. e3 Bd7 8. Bd3 Be7 9. f3 O-O 10. Nge2 Nc6
11. O-O Na7 12. e4 dxe4 13. Nxe4 Nxe4 14. Bxe4 Rc8 15. Nc3 Kh8 16. f4 Nb5 17. Nxb5 Bxb5 18. Re1 Qd7 19. Qd2 Rc4 20. d5 Bc5+
21. Kh1 Rd4 22. Qc3 exd5 23. Bf3 Rd3 24. Qc2 a4 25. Be2 Rb3 26. Bxb5 Qxb5 27. Qe2 Qxe2 28. Rxe2 g6 29. g3 f5 30. Kg2 d4
31. Re5 Rd8 32. Rb1 Bxa3 33. Re2 d3 34. Rd2 Bb4 35. Rf2 d2 36. Bxd2 Rxd2 37. Rxd2 Bxd2 38. Kf2 Bc3 39. h4 Rxb2+ 40. Rxb2 Bxb2
41. Ke2 a3 42. g4 a2 43. gxf5 gxf5 44. Kf3 a1=Q 45. h5 Qe1
0-1

[Event "Team GB Knockout"]
[Site "SchemingMind.com"]
[Date "2007.06.11"]
[Round "-"]
[White "GrischukFan"]
[Black "Scarian"]
[Result "1-0"]
[WhiteCountry "GER"]
[BlackCountry "GBR"]
[WhiteElo "2211"]
[WhiteRD "97"]
[BlackElo "1941"]
[BlackRD "87"]
[GameID "108166"]

1. d4 d5 2. c4 c6 3. Nf3 Nf6 4. Nc3 a6 5. c5 Nbd7 6. Bf4 Nh5 7. Bd2 Nhf6 8. Qc2 g6 9. h3 Qc7 10. e4 Nxe4
11. Nxe4 dxe4 12. Qxe4
1-0

[Event "Team GB Knockout"]
[Site "SchemingMind.com"]
[Date "2007.06.11"]
[Round "-"]
[White "Scarian"]
[Black "GrischukFan"]
[Result "0-1"]
[WhiteCountry "GBR"]
[BlackCountry "GER"]
[WhiteElo "1941"]
[WhiteRD "87"]
[BlackElo "2211"]
[BlackRD "97"]
[GameID "108174"]

1. e4 c5 2. Nf3 d6 3. d4 cxd4 4. Nxd4 Nf6 5. Nc3 a6 6. Be3 e6 7. f3 b5 8. g4 h6 9. Qd2 b4 10. Nce2 e5
11. Nb3 a5 12. Ng3 a4
0-1

[Event "Team GB Knockout"]
[Site "SchemingMind.com"]
[Date "2007.06.25"]
[Round "-"]
[White "asperse"]
[Black "king3012"]
[Result "0-1"]
[WhiteCountry "ENG"]
[BlackCountry "AUT"]
[WhiteElo "1441"]
[WhiteRD "81"]
[BlackElo "2313"]
[BlackRD "113"]
[GameID "110119"]

1. e4 d5 2. exd5 Qxd5 3. Nc3 Qd6 4. Nf3 Nf6 5. d4 a6 6. Bd2 Nc6 7. Be3 Bf5 8. Bd3 g6 9. g3 Qd7 10. Bxf5 Qxf5
11. Nh4 Qd7 12. d5 Nb4 13. Bd4 Nbxd5 14. Nxd5 Qxd5 15. Bxf6 Qxh1+ 16. Ke2 Qxd1+ 17. Rxd1 exf6
0-1

[Event "Team GB Knockout"]
[Site "SchemingMind.com"]
[Date "2007.06.25"]
[Round "-"]
[White "king3012"]
[Black "asperse"]
[Result "1-0"]
[WhiteCountry "AUT"]
[BlackCountry "ENG"]
[WhiteElo "2314"]
[WhiteRD "117"]
[BlackElo "1421"]
[BlackRD "85"]
[GameID "110131"]

1. b3 e5 2. Bb2 Nc6 3. Nf3 e4 4. Nd4 Nxd4 5. Bxd4 d5 6. e3 Nf6 7. c4 Be6 8. Nc3 b6 9. cxd5 Bxd5 10. Bxf6 Qxf6
11. Nxd5 Qd6 12. Bb5+ c6 13. Rc1 Rc8 14. Qg4 Qe6 15. Rxc6 Rxc6 16. Nc7+ Kd7 17. Nxe6 fxe6 18. Qxe4 Bd6 19. Qxc6+
1-0

[Event "Team GB Knockout"]
[Site "SchemingMind.com"]
[Date "2007.07.14"]
[Round "-"]
[White "Quanah4"]
[Black "palaciorep"]
[Result "1-0"]
[WhiteCountry "USA"]
[BlackCountry "ARG"]
[WhiteElo "1599"]
[WhiteRD "78"]
[BlackElo "1637"]
[BlackRD "76"]
[GameID "112784"]

1. d4 d5 2. e3 a6 3. c4 e6 4. Nc3 Nf6 5. Nf3 Bb4 6. Bd2 Bxc3 7. bxc3 O-O 8. cxd5 Nxd5 9. c4 Nf6 10. Be2 b6
11. O-O Ne4 12. Rc1 Nxd2 13. Qxd2 Bb7 14. Rfe1 h6 15. Bd3 Bxf3 16. gxf3 f5 17. e4 Nc6 18. Bc2 Rf6 19. Kf1 Nxd4 20. e5 Nxf3
21. Qxd8+ Rxd8 22. exf6 Nxe1 23. Rxe1 gxf6 24. Rxe6 Rd6 25. Rxd6 cxd6 26. Bxf5 Kf7 27. a4 a5 28. Ke2 Kg7 29. f4 h5 30. h4 Kf7
31. Ke3 Ke7 32. Kd4 Kd8 33. Kd5 Kc7 34. Bg6
1-0

[Event "Team GB Knockout"]
[Site "SchemingMind.com"]
[Date "2007.07.14"]
[Round "-"]
[White "palaciorep"]
[Black "Quanah4"]
[Result "1-0"]
[WhiteCountry "ARG"]
[BlackCountry "USA"]
[WhiteElo "1633"]
[WhiteRD "74"]
[BlackElo "1579"]
[BlackRD "80"]
[GameID "112790"]

1. e4 e6 2. e5 d5 3. exd6 cxd6 4. Bb5+ Nc6 5. Nf3 e5 6. O-O Nf6 7. d3 Bg4 8. h3 Bd7 9. Bg5 Be7 10. Bxf6 Bxf6
11. Nc3 O-O 12. Bxc6 Bxc6 13. Nh2 Qc7 14. Ng4 Be7 15. d4 exd4 16. Ne2 Rac8 17. Nxd4 Bd7 18. c3 Rfe8 19. Qf3 Bc6 20. Nxc6 bxc6
21. Rad1 Rb8 22. b4 g6 23. Rfe1 f5 24. Nh2 d5 25. Re2 Bd6 26. Rxe8+ Rxe8 27. Nf1 a6 28. a3 Qb8 29. g4 fxg4 30. Qxg4 Qc8
31. Qxc8 Rxc8 32. Ne3 Kg7 33. c4 Bf4 34. Ng2 g5 35. cxd5 cxd5 36. Nxf4 gxf4 37. Rxd5 Rc1+ 38. Kg2 Ra1 39. Ra5 h6 40. Rxa6 h5
41. Kf3 Rb1 42. Kxf4 Rb3 43. f3 Kf7 44. a4 Rxb4+ 45. Kg5 Rb3 46. Kxh5 Rxf3 47. h4 Rf5+ 48. Kg4 Rf1 49. a5 Ra1 50. h5 Rg1+
51. Kh4 Rh1+ 52. Kg5 Rg1+ 53. Kh6 Ra1 54. Ra7+ Kg8 55. a6 Ra5 56. Kg6 Kf8 57. h6 Ra2 58. Rf7+ Ke8 59. a7 Rg2+ 60. Kh7 Ra2
61. Rb7 Rxa7 62. Rxa7 Kd8 63. Kg6 Kc8 64. h7
1-0

[Event "Team GB Knockout"]
[Site "SchemingMind.com"]
[Date "2007.10.17"]
[Round "-"]
[White "Darko"]
[Black "king3012"]
[Result "0-1"]
[WhiteCountry "ROU"]
[BlackCountry "AUT"]
[WhiteElo "2004"]
[WhiteRD "66"]
[BlackElo "2395"]
[BlackRD "99"]
[GameID "124322"]

1. e4 c5 2. Nf3 d6 3. d4 cxd4 4. Nxd4 Nf6 5. Nc3 e6 6. g4 e5 7. Bb5+ Bd7 8. Bxd7+ Qxd7 9. Nf5 h5 10. gxh5 Nxh5
11. Bh6 Nc6 12. Qxh5 g6 13. Qg5 gxf5 14. Bxf8 Kxf8 15. O-O-O fxe4 16. Rhg1 Qe6 17. Nxe4 Qh6 18. Rxd6 Qxg5+ 19. Rxg5 Ke7 20. Rg2 Rh4
21. Ng3 Kxd6 22. Nf5+ Ke6 23. Nxh4 Rh8 24. Nf3 f5 25. c3 e4 26. Nd2 Ne5 27. Kd1 Nd3 28. b4 Kf6 29. a3 Nf4 30. Rg1 Rxh2
31. Rf1 b5 32. Nb1 Nd3 33. Ke2 f4 34. a4 bxa4 35. Na3 Ne5 36. c4 Ng4 37. Nb5 f3+ 38. Ke1 Ke5 39. Nxa7 e3
0-1

[Event "Team GB Knockout"]
[Site "SchemingMind.com"]
[Date "2007.10.17"]
[Round "-"]
[White "king3012"]
[Black "Darko"]
[Result "1-0"]
[WhiteCountry "AUT"]
[BlackCountry "ROU"]
[WhiteElo "2395"]
[WhiteRD "99"]
[BlackElo "2004"]
[BlackRD "66"]
[GameID "124327"]

1. c4 c5 2. e3 Nf6 3. Nc3 g6 4. d4 Bg7 5. Nf3 O-O 6. Be2 cxd4 7. exd4 d5 8. O-O Nc6 9. Bg5 dxc4 10. Bxc4 Bg4
11. Be3 Rc8 12. Bb3 Bxf3 13. Qxf3 Nxd4 14. Qxb7 Rb8 15. Qxa7 Nxb3 16. axb3 Rxb3 17. Bc5 Qd7 18. Qxd7 Nxd7 19. Bxe7 Re8 20. Bg5 Rxb2
21. Rad1 Bxc3= 22. Rxd7 Kg7 23. Be3 Reb8 24. g4 h6 25. h3 Rb1 26. f4 Rxf1+ 27. Kxf1 Rb2 28. Rd5 Bf6 29. g5 hxg5 30. fxg5 Bc3
31. Rc5 Rb3 32. Rxc3
1-0

[Event "Team GB Knockout"]
[Site "SchemingMind.com"]
[Date "2007.11.12"]
[Round "-"]
[White "Quanah4"]
[Black "d2d4"]
[Result "1-0"]
[WhiteCountry "USA"]
[BlackCountry "HUN"]
[WhiteElo "1645"]
[WhiteRD "75"]
[BlackElo "1532"]
[BlackRD "90"]
[GameID "128404"]

1. d4 Nf6 2. c4 c5 3. d5 e6 4. dxe6 fxe6 5. Nf3 d5 6. e3 Be7 7. Nc3 O-O 8. cxd5 exd5 9. b3 Nc6 10. Be2 Bf5
11. Bb2
1-0

[Event "Team GB Knockout"]
[Site "SchemingMind.com"]
[Date "2007.11.12"]
[Round "-"]
[White "d2d4"]
[Black "Quanah4"]
[Result "0-1"]
[WhiteCountry "HUN"]
[BlackCountry "USA"]
[WhiteElo "1532"]
[WhiteRD "90"]
[BlackElo "1645"]
[BlackRD "75"]
[GameID "128413"]

1. Nf3 c5 2. c4 g6 3. g3 Bg7 4. Bg2 Nf6 5. Nc3 e6 6. O-O O-O 7. d4 cxd4 8. Nxd4 d5 9. Bg5 Nbd7 10. cxd5 h6
0-1

[Event "Team GB Knockout"]
[Site "SchemingMind.com"]
[Date "2008.01.19"]
[Round "-"]
[White "Quanah4"]
[Black "GrischukFan"]
[Result "0-1"]
[WhiteCountry "USA"]
[BlackCountry "GER"]
[WhiteElo "1614"]
[WhiteRD "70"]
[BlackElo "2340"]
[BlackRD "84"]
[GameID "137343"]

1. d4 Nf6 2. c4 e6 3. Nc3 Bb4 4. e3 O-O 5. Nf3 d5 6. Bd2 b6 7. a3 Bxc3 8. Bxc3 Ba6 9. b3 Nbd7 10. Be2 c5
11. O-O Rc8 12. b4 cxd4 13. Nxd4 Bxc4 14. Bxc4 Rxc4 15. Rc1 Qe7 16. Nf3 Rfc8 17. Bb2 Rxc1 18. Bxc1 Ne4 19. Bb2 Nd6 20. Qa1 f6
21. Rd1 Nc4 22. Rc1 b5 23. Bc3 Ndb6 24. h3 e5 25. Nd2 Rc6 26. Nb3 Na4 27. Bd2 Qe6 28. f3 Nxd2 29. Nxd2 Qc8 30. Rd1 Rc2
31. Nb3 Qc4 32. Na5 Qe2
0-1

[Event "Team GB Knockout"]
[Site "SchemingMind.com"]
[Date "2008.01.19"]
[Round "-"]
[White "GrischukFan"]
[Black "Quanah4"]
[Result "1-0"]
[WhiteCountry "GER"]
[BlackCountry "USA"]
[WhiteElo "2334"]
[WhiteRD "84"]
[BlackElo "1646"]
[BlackRD "74"]
[GameID "137347"]

1. d4 d5 2. c4 Nf6 3. Nf3 e6 4. Nc3 c5 5. cxd5 exd5 6. Bg5 Nbd7 7. Nxd5 Be7 8. Nxe7 Qxe7 9. e3 O-O 10. Bb5 a6
11. Bxd7 Bxd7 12. dxc5 Qxc5 13. Bxf6 gxf6 14. Qxd7 Rfd8 15. Qg4+ Kf8 16. O-O Rac8 17. Nd4 Rd5 18. b4 Qc7 19. Nf5 Ke8 20. Qg8+ Kd7
21. Qxf7+ Kd8 22. Qxd5+ Qd7 23. Qg8+ Kc7 24. Rac1+ Kb8 25. Qxc8+ Qxc8 26. Rxc8+ Kxc8 27. Rd1 Kc7 28. a4 b5 29. a5 Kc6 30. Rd6+ Kc7
31. Rxf6 Kd7 32. Rxa6 h5 33. Rb6
1-0

[Event "Team GB Knockout"]
[Site "SchemingMind.com"]
[Date "2008.01.30"]
[Round "-"]
[White "king3012"]
[Black "mebalse"]
[Result "1-0"]
[WhiteCountry "AUT"]
[BlackCountry "URU"]
[WhiteElo "2404"]
[WhiteRD "106"]
[BlackElo "1874"]
[BlackRD "84"]
[GameID "139035"]

1. b3 e5 2. c4 f5 3. Bb2 d6 4. e3 Nf6 5. Nc3 Nc6 6. Nge2 Be6 7. d4 exd4 8. Nxd4 Nxd4 9. Qxd4 c5 10. Qd3 Qa5
11. Be2 O-O-O 12. O-O d5 13. Qc2 d4 14. exd4 Rxd4 15. Bd3 Rd7 16. Rfe1 Qd8 17. Rxe6 Rxd3 18. Nd5 Rxd5 19. Bxf6 Rd2 20. Qxf5 Qd7
21. Re8+ Kc7 22. Be5+ Bd6 23. Bxd6+ Qxd6 24. Qf7+
1-0

[Event "Team GB Knockout"]
[Site "SchemingMind.com"]
[Date "2008.01.28"]
[Round "-"]
[White "mebalse"]
[Black "king3012"]
[Result "0-1"]
[WhiteCountry "URU"]
[BlackCountry "AUT"]
[WhiteElo "1896"]
[WhiteRD "80"]
[BlackElo "2407"]
[BlackRD "110"]
[GameID "139044"]

1. e4 c5 2. f4 d5 3. exd5 Qxd5 4. Nc3 Qd8 5. Nf3 g6 6. Bb5+ Nd7 7. d3 Nh6 8. O-O Bg7 9. Ne5 O-O 10. h3 Nxe5
11. fxe5 Nf5 12. Bf4 Qd4+ 13. Rf2 Bxe5 14. Bxe5 Qxe5 15. Qd2 Be6 16. Re1 Qc7 17. a3 Rad8 18. Qf4 Qxf4 19. Rxf4 Nd4 20. Rc1 Rd6
21. Bc4 Bxc4 22. dxc4 f5 23. Rf2 e5 24. a4 Kg7 25. Rd1 e4 26. Kf1 e3 27. Rf4 e2+ 28. Nxe2 Nxe2 29. Rxd6 Nxf4 30. Kf2 Rf6
31. Rd8 g5 32. g3 Nxh3+
0-1

[Event "Team GB Knockout"]
[Site "SchemingMind.com"]
[Date "2008.04.27"]
[Round "-"]
[White "king3012"]
[Black "GrischukFan"]
[Result "1-0"]
[WhiteCountry "AUT"]
[BlackCountry "GER"]
[WhiteElo "2432"]
[WhiteRD "104"]
[BlackElo "2363"]
[BlackRD "96"]
[GameID "152104"]

1. c4 Nf6 2. Nc3 e5 3. Nf3 Nc6 4. a3 g6 5. g3 Bg7 6. Bg2 O-O 7. O-O d6 8. d3 h6 9. b4 a6 10. Qb3 Be6
11. Nd5 Nd7 12. Bb2 f5 13. Rae1 Nf6 14. e4 fxe4 15. dxe4 Kh7 16. Nh4 Nh5 17. Qd3 Bf6 18. Nf3 Qd7 19. c5 Bg7 20. cxd6 Qxd6
21. Rd1 Rf7 22. Qe2 Qf8 23. Rd2 Rd8 24. Rc1 Rd6 25. Rcd1 Qc8 26. a4 Bg4 27. Ne3 Rxd2 28. Rxd2 Bxf3 29. Bxf3 Nf6 30. b5 axb5
31. axb5 Nd4 32. Bxd4 exd4 33. Rxd4 Qe8 34. Ra4 c6 35. bxc6 Qxc6 36. Rc4 Qa6 37. h4 h5 38. Qc2 b5 39. Rc6 Qa1+ 40. Kg2 Qd4
41. Rc5 b4 42. Rb5 Re7 43. Qa4 Ra7 44. Qxb4 Qxb4 45. Rxb4 Nd7 46. Bd1 Ra2 47. Nc2 Ne5 48. Rb7 Kh6 49. Rc7 Nd3 50. f4 Nb4
51. Rc8 Nxc2 52. Bxc2 Bd4 53. Rc6 Rb2 54. e5 Rb6 55. Rc4 Be3 56. Rc7 Bd4 57. g4 hxg4 58. h5
1-0

[Event "Team GB Knockout"]
[Site "SchemingMind.com"]
[Date "2008.04.30"]
[Round "-"]
[White "GrischukFan"]
[Black "king3012"]
[Result "1-0"]
[WhiteCountry "GER"]
[BlackCountry "AUT"]
[WhiteElo "2363"]
[WhiteRD "96"]
[BlackElo "2432"]
[BlackRD "104"]
[GameID "152112"]

1. d4 Nf6 2. c4 e6 3. Nf3 c5 4. d5 d6 5. Nc3 exd5 6. cxd5 g6 7. e4 a6 8. a4 Bg4 9. Be2 Bxf3 10. Bxf3 Bg7
11. Bf4 O-O 12. O-O Qc7 13. Qd2 Nbd7 14. Bh6 Bxh6 15. Qxh6 c4 16. Be2 Rae8 17. Qh4 Kg7 18. f3 Nh5 19. a5 Qc5+ 20. Kh1 Rc8
21. f4 Nhf6 22. Bf3 h6 23. Rfe1 Rfe8= 24. Re2 Re7 25. g4 Rce8 26. Qe1 Qc7 27. h4 Nc5 28. g5 hxg5 29. hxg5 Rh8+ 30. Rh2 Nh5
31. f5 Re5 32. Bxh5 gxh5 33. Qe2 Nd3 34. Rg1 h4 35. g6 f6 36. b4 Ree8 37. Rg4 h3 38. Rg3 Qb8 39. Rgxh3 Rxh3 40. Rxh3 Rh8
41. Rh2 Qc8 42. Kg1 Qd8 43. Qg2 Ne5 44. Kf1 Nd3 45. Qh1 Rxh2 46. Qxh2 Qh8 47. Qxh8+ Kxh8 48. Na2 Kg8 49. Ke2 Ne5 50. Ke3 Kf8
51. Kd4 Nd7 52. Kxc4 b5+ 53. Kd4 Ne5 54. Nc1 Ke7 55. Nd3 Ng4 56. Nf4 Nh6 57. Ne6 Kd7 58. g7 Ng8 59. Ke3 Kc8 60. Kf4 Kd7
61. Kg4 Ke8 62. Nc7+ Kf7 63. Nxa6
1-0